Reflexiones sobre la consignacin̤ en los recursos laborales

Detalles Bibliográficos
Autor principal: Ro̕s Mestre, Jos ̌Mara̕
Formato: eBook
Lenguaje:español
Publicado: Albacete: Editorial Bomarzo, 2017
Materias:
Acceso en línea:Acceso restringido

MARC

LEADER 00000nam a22000007a 4500
005 20170902223630.0
007 cr|||| ||||
008 170902s2017 es |||||s|||| 00||0 spa d
020 |a 978-84-16608-61-4 
035 |a 20500 
040 |a vLex 
090 |c 6895  |d 6895 
100 1 |a Ro̕s Mestre, Jos ̌Mara̕ 
245 1 0 |a Reflexiones sobre la consignacin̤ en los recursos laborales  |h [Recurso electrn̤ico] /  |c Jos ̌Mara̕ Ro̕s Mestre 
256 |a Servicio en ln̕ea 
260 |a Albacete:  |b Editorial Bomarzo,  |c 2017 
300 |a 1 recurso electrn̤ico 
506 1 |a Disponible solo en los productos indicados  |d vLex Global  |d vLex Global (Academic Edition, excluding Law Schools)  |d vLex Global (U.S. Academic Edition, Law Schools)  |d vLex Global (U.S. Academic Edition, excluding Law Schools)  |d vLex Global (Academic Edition, Law Schools) 
650 0 4 |a Derecho Laboral y Seguridad Social  |z Espaą 
740 0 |a vLex Libros (Servicio en ln̕ea) 
856 4 0 |u http://vlex.com/source/reflexiones-sobre-la-consignacion-en-los-recursos-laborales-20500  |z Acceso restringido 
942 |c BOOK 
999 0 |a Labor law and social security